000 00860nam a2200253Ia 4500
003 OSt
005 20210527091835.0
008 210310s1978 mx fr 000 0 spa d
020 _a9684200048
040 _aCO-JMCR
_cCO-JMCR
041 0 _aspa
082 0 4 _a332.77 /
_bC419t
_223
100 1 _aCervantes Ahumada, Raúl,
_915762
_eautor
245 1 0 _aTítulos y operaciones de crédito /
_cRaúl Cervantes A.
250 _aDécima edición
260 _aMéxico :
_bEditorial Herrero,
_c1978
300 _a6 láminas plegables, 422 páginas ;
_c23 cm.
500 _aIncluye notas a pie de página.
505 0 _aLos títulos de crédito -- Las operaciones de crédito y las bancarias
650 1 4 _aDocumentos negociables
_915764
_zMéxico
650 2 4 _aCrédito
_zMéxico
_937933
650 2 4 _aBancos
_xLegislación
_zMéxico
_937934
942 _2ddc
_cBK
999 _c7899
_d7899